[Event "Berkeley International"]
[Site "Berkeley"]
[Date "2011.01.02"]
[Round "1"]
[White "Abrahamyan, Tatev"]
[Black "Erenburg, Sergey"]
[Result "0-1"]
[WhiteElo "2327"]
[BlackElo "2600"]
[PlyCount "152"]
[EventDate "2011.01.02"]
[EventRounds "10"]
[EventCountry "USA"]
[SourceDate "2011.01.03"]

1. e4 e5 2. Nf3 Nc6 3. Bc4 Bc5 4. c3 Nf6 5. d3 d6 6. O-O h6 7. Nbd2 O-O 8. Re1
Be6 9. Bb3 a5 10. Nf1 Bxb3 11. axb3 d5 12. Qe2 Qd7 13. h3 Rad8 14. Be3 dxe4 15.
Bxc5 exf3 16. Qxf3 Rfe8 17. Rad1 Qd5 18. Qxd5 Rxd5 19. d4 exd4 20. Rxe8+ Nxe8
21. cxd4 b6 22. Ne3 Rd7 23. d5 Na7 24. Bd4 f6 25. Bc3 Nb5 26. b4 a4 27. Ra1 a3
28. Rc1 axb2 29. Bxb2 Ned6 30. Kf1 Re7 31. Ke2 Re4 32. Bc3 Nxc3+ 33. Rxc3 Nb5
34. Rc1 Rxb4 35. Ra1 h5 36. g4 hxg4 37. hxg4 Kf7 38. Ra8 Kg6 39. Rd8 Kg5 40.
Kf3 g6 41. Rg8 Nd4+ 42. Kg3 Ne2+ 43. Kf3 Nc3 44. Rc8 Rf4+ 45. Kg2 Nb5 46. Rg8
Nc3 47. Rg7 Rd4 48. Rxc7 Nxd5 49. Nxd5 Rxd5 50. Kg3 Rd4 51. f3 Rb4 52. Rf7 f5
53. gxf5 gxf5 54. f4+ Kg6 55. Rc7 Kf6 56. Rc6+ Ke7 57. Rh6 Rb1 58. Rc6 Rb4 59.
Kh4 Kd7 60. Rh6 Rxf4+ 61. Kg5 Rb4 62. Kxf5 Kc7 63. Ke5 Kb7 64. Kd5 Ka6 65. Rg6
Kb5 66. Rh6 Ka5 67. Rh8 Rg4 68. Rb8 b5 69. Kc5 Rc4+ 70. Kd5 Kb4 71. Rb7 Rh4 72.
Rb8 Ka4 73. Kc5 b4 74. Rg8 Ka3 75. Ra8+ Kb2 76. Ra4 Kc3 0-1

[Event "Berkeley International"]
[Site "Berkeley"]
[Date "2011.01.02"]
[Round "1"]
[White "Almeida, Alfonso S"]
[Black "Helfst, Matt"]
[Result "0-1"]
[WhiteElo "2356"]
[BlackElo "1929"]
[PlyCount "120"]
[EventDate "2011.01.02"]
[EventRounds "10"]
[EventCountry "USA"]
[SourceDate "2011.01.03"]

1. d4 d5 2. c4 c6 3. Nf3 Nf6 4. Nc3 a6 5. c5 Nbd7 6. Bf4 Nh5 7. Bd2 Nhf6 8. b4
b5 9. a4 Bb7 10. axb5 axb5 11. e3 Ne4 12. Nxe4 dxe4 13. Ng5 Nf6 14. Rxa8 Bxa8
15. Qc2 Qd5 16. h4 g6 17. g3 Bh6 18. Bg2 Bxg5 19. hxg5 Qxg5 20. Bxe4 Nxe4 21.
Qxe4 Qd5 22. Qh4 h5 23. O-O Qa2 24. Bc3 Qb3 25. Rc1 f6 26. e4 g5 27. Qh3 Kf7
28. Qf5 Qa3 29. Bd2 e6 30. Qh3 Qd3 31. Ra1 g4 32. Ra7+ Kg6 33. Qf1 Qxd2 34. Qa1
Rd8 35. d5 exd5 36. Rxa8 Rxa8 37. Qxa8 Qe1+ 38. Kg2 Qxe4+ 39. Kg1 Qe1+ 40. Kg2
Qe4+ 41. Kg1 Qe6 42. Qd8 Kf5 43. Qh8 Ke4 44. Qxh5 d4 45. Qg6+ Kd5 46. Qb1 Qe2
47. Qb3+ Qc4 48. Qb2 Ke4 49. Qd2 Qe6 50. Kf1 Qf5 51. Qe2+ Kd5 52. Qa2+ Ke5 53.
Qa1 Qd3+ 54. Kg1 Qc3 55. Qa5 d3 56. Qc7+ Kd5 57. Qf7+ Kd4 58. Qxf6+ Kc4 59.
Qxc6 Qe1+ 60. Kg2 d2 0-1

[Event "Berkeley International"]
[Site "Berkeley"]
[Date "2011.01.02"]
[Round "1"]
[White "Amanov, Zhanibek"]
[Black "Haessel, Dale R"]
[Result "0-1"]
[WhiteElo "2421"]
[BlackElo "2198"]
[PlyCount "42"]
[EventDate "2011.01.02"]
[EventRounds "10"]
[EventCountry "USA"]
[SourceDate "2011.01.03"]

1. e4 e5 2. Nf3 Nf6 3. Nc3 Bb4 4. d3 d5 5. exd5 Nxd5 6. Bd2 O-O 7. Be2 Nxc3 8.
bxc3 Bd6 9. O-O Nd7 10. Re1 b6 11. d4 Bb7 12. Bd3 Re8 13. Ng5 h6 14. Qh5 Re7
15. dxe5 Bxe5 16. Nf3 Bf6 17. Nd4 Nc5 18. Bc4 Bxd4 19. Rxe7 Bxf2+ 20. Kxf2 Qxe7
21. Rd1 Ne4+ 0-1

[Event "Berkeley International"]
[Site "Berkeley"]
[Date "2011.01.02"]
[Round "1"]
[White "Carreto Nieto, Giovanni"]
[Black "Ravichandran, Siddharth"]
[Result "1/2-1/2"]
[WhiteElo "2231"]
[BlackElo "2458"]
[PlyCount "89"]
[EventDate "2011.01.02"]
[EventRounds "10"]
[EventCountry "USA"]
[SourceDate "2011.01.03"]

1. e4 c5 2. Nf3 d6 3. d4 cxd4 4. Nxd4 Nf6 5. Nc3 a6 6. Bc4 e6 7. Bb3 b5 8. O-O
b4 9. Na4 Bd7 10. Re1 Nc6 11. c3 Rb8 12. Bc2 a5 13. f4 Qc7 14. Kh1 h5 15. Bd3
Ng4 16. Re2 Qa7 17. Bb5 Rxb5 18. Nxb5 Nf2+ 19. Rxf2 Qxf2 20. Bd2 Be7 21. Qe1
Qxe1+ 22. Rxe1 O-O 23. c4 Na7 24. Nxa7 Bxa4 25. b3 Ra8 26. Be3 Be8 27. Ra1 Rb8
28. Kg1 g6 29. Kf2 f5 30. e5 dxe5 31. fxe5 Bd8 32. Rd1 Bc7 33. Rd6 Bxd6 34.
exd6 Ra8 35. Bb6 Kf7 36. c5 e5 37. c6 Rxa7 38. Bxa7 Bxc6 39. Bb6 a4 40. Bc5
axb3 41. axb3 Ke6 42. Bxb4 Bd5 43. h4 f4 44. g3 fxg3+ 45. Kxg3 1/2-1/2

[Event "Berkeley International"]
[Site "Berkeley"]
[Date "2011.01.02"]
[Round "1"]
[White "Evans, Bela"]
[Black "Bykhovsky, Anatoly"]
[Result "0-1"]
[WhiteElo "2262"]
[BlackElo "2510"]
[PlyCount "70"]
[EventDate "2011.01.02"]
[EventRounds "10"]
[EventCountry "USA"]
[SourceDate "2011.01.03"]

1. e4 c5 2. g3 Nc6 3. Bg2 g6 4. c3 Bg7 5. Ne2 e5 6. d3 Nge7 7. Be3 d6 8. O-O
O-O 9. f4 f5 10. Qb3+ Kh8 11. Nd2 Rb8 12. Nf3 b5 13. fxe5 c4 14. dxc4 fxe4 15.
Ng5 Nf5 16. Rxf5 gxf5 17. cxb5 Nxe5 18. Ne6 Bxe6 19. Qxe6 Rxb5 20. b4 Ng4 21.
Bd4 Bxd4+ 22. cxd4 Rxb4 23. Bh3 Qf6 24. Qxf6+ Rxf6 25. Rc1 Rf8 26. Nf4 Rfb8 27.
Bxg4 Rb1 28. Rxb1 Rxb1+ 29. Kf2 fxg4 30. Ke3 Re1+ 31. Kf2 Ra1 32. Ke3 Rxa2 33.
Kxe4 a5 34. Kd5 a4 35. Kxd6 a3 0-1

[Event "Berkeley International"]
[Site "Berkeley"]
[Date "2011.01.02"]
[Round "1"]
[White "Gaffagan, Steven"]
[Black "Shmeliov, Denis"]
[Result "0-1"]
[WhiteElo "1995"]
[BlackElo "2357"]
[PlyCount "116"]
[EventDate "2011.01.02"]
[EventRounds "10"]
[EventCountry "USA"]
[SourceDate "2011.01.03"]

1. e4 c6 2. d4 d5 3. Nd2 dxe4 4. Nxe4 Bf5 5. Ng3 Bg6 6. Nf3 Nd7 7. h4 h6 8. h5
Bh7 9. Bd3 Bxd3 10. Qxd3 Qc7 11. Bd2 Ngf6 12. O-O-O e6 13. Ne4 O-O-O 14. g3 Nc5
15. Nxc5 Bxc5 16. Qc4 Bd6 17. Qa4 b5 18. Qb3 Nd5 19. Rhe1 Qb6 20. Ne5 Bxe5 21.
dxe5 Rd7 22. Be3 Qa5 23. Bc5 Rhd8 24. c3 Nb6 25. Rd6 Rxd6 26. Bxd6 Nc4 27. Rd1
Qb6 28. Qc2 f5 29. g4 fxg4 30. Qe4 Kb7 31. Rd4 Ka6 32. b3 Nxd6 33. exd6 c5 34.
Rd2 Rxd6 35. Qxg4 Rxd2 36. Kxd2 Qd6+ 37. Kc2 Qe5 38. Kd2 Kb6 39. f4 Qf5 40. Qh4
Kc6 41. Qe7 Qxf4+ 42. Kc2 Qf2+ 43. Kb1 Qe1+ 44. Kb2 Qd2+ 45. Kb1 Qd7 46. Qf8
Qd1+ 47. Kb2 Qe2+ 48. Kc1 Qxh5 49. Qc8+ Kd6 50. Qb8+ Ke7 51. Qxb5 Qg5+ 52. Kc2
h5 53. Qb7+ Kf6 54. Qxa7 h4 55. Qa8 h3 56. Qf8+ Kg6 57. Qe8+ Kh7 58. Kb2 h2 0-1

[Event "Berkeley International"]
[Site "Berkeley"]
[Date "2011.01.02"]
[Round "1"]
[White "Gareev, Timur"]
[Black "Uesugi, Shinsaku"]
[Result "1-0"]
[WhiteElo "2605"]
[BlackElo "2331"]
[PlyCount "87"]
[EventDate "2011.01.02"]
[EventRounds "10"]
[EventCountry "USA"]
[SourceDate "2011.01.03"]

1. d4 Nf6 2. c4 g6 3. Nc3 d5 4. cxd5 Nxd5 5. Bd2 Bg7 6. e4 Nxc3 7. Bxc3 O-O 8.
Rc1 Nd7 9. Nf3 e6 10. b4 f5 11. exf5 gxf5 12. Bc4 Nb6 13. Bb3 Nd5 14. O-O Qd6
15. Re1 Bd7 16. Ne5 Rad8 17. Bd2 Bc8 18. Bg5 Nf6 19. Nf3 Rde8 20. Qc2 Ne4 21.
Qxc7 Qxb4 22. Bf4 Bxd4 23. Nxd4 Qxd4 24. Be3 Qg7 25. f3 Qxc7 26. Rxc7 Nd6 27.
a4 Rf7 28. Rec1 b6 29. Bf4 Rxc7 30. Rxc7 Nf7 31. Rxa7 Rd8 32. Rc7 Kg7 33. h4
Kf6 34. Kf2 Bd7 35. Rb7 Ke7 36. Rxb6 Ra8 37. h5 Bxa4 38. Bxe6 Bc2 39. Bd5 Ra7
40. Ke3 Rd7 41. Kd4 Ra7 42. Bd2 Nd8 43. Bg5+ Kd7 44. Ke5 1-0

[Event "Berkeley International"]
[Site "Berkeley"]
[Date "2011.01.02"]
[Round "1"]
[White "Gurevich, Daniel"]
[Black "Pruess, David"]
[Result "1/2-1/2"]
[WhiteElo "2078"]
[BlackElo "2377"]
[PlyCount "157"]
[EventDate "2011.01.02"]
[EventRounds "10"]
[EventCountry "USA"]
[SourceDate "2011.01.03"]

1. e4 c5 2. Nc3 g6 3. f4 Bg7 4. Nf3 Nc6 5. Bb5 Nd4 6. O-O Nxb5 7. Nxb5 Nh6 8.
d3 O-O 9. Nc3 d6 10. Qe1 b6 11. f5 gxf5 12. Qh4 Ng4 13. h3 Ne5 14. exf5 Nxf3+
15. Rxf3 Bd4+ 16. Be3 Bxe3+ 17. Rxe3 Bxf5 18. Nd5 e6 19. Nf6+ Kg7 20. Rg3+ Bg6
21. Qxh7+ Kxf6 22. Rf1+ Bf5 23. Qh4+ Ke5 24. Rg5 (24. Qf4+ Kd5 25. Qf3+ Ke5 26.
Qf4+ Kf6 27. Qg5+ $11) 24... d5 25. Qf4+ Kf6 26. g4 (26. Qh4 Ke5 27. Qf4+ Kf6
28. Qh4 $11) 26... Qb8 27. Qe3 (27. Rxf5+ exf5 28. Qxf5+ Kg7 (28... Ke7 29.
Re1+ Kd8 30. Qxd5+ Kc8 31. Qc6+) 29. Qg5+) 27... Rg8 28. h4 Qe5 29. Qxe5+ $2 (
29. Rg6+ $1 $16) 29... Kxe5 $17 30. gxf5 Rxg5+ 31. hxg5 Rg8 32. fxe6 Rxg5+ 33.
Kf2 Kxe6 34. Re1+ Re5 35. Rh1 Rf5+ 36. Ke2 Rg5 37. Kf3 Rg7 38. Rh8 f6 39. Rc8
Rh7 40. Re8+ Kd7 41. Re2 b5 42. Kf4 Rh5 43. Rg2 Ke6 44. a3 a6 45. Re2+ Re5 46.
Rh2 Re1 47. c3 a5 48. Rh8 Rf1+ 49. Ke3 Rb1 50. Rh2 Ke5 51. d4+ cxd4+ 52. cxd4+
Kf5 53. Rf2+ Ke6 54. Kd3 f5 55. Kc3 Rc1+ 56. Kd2 Rh1 57. Re2+ Kf6 58. Re5 Rh2+
59. Ke3 Rxb2 60. Rxd5 Kg5 61. a4 bxa4 62. Rxa5 Rb3+ 63. Ke2 a3 64. d5 f4 65.
d6+ Kf6 66. d7 Ke7 67. Ra7 Re3+ 68. Kf2 Rd3 69. Ke2 Rc3 70. Kf2 Kd8 71. Ke2 Ke7
72. Kf2 Rh3 73. Kg2 Rd3 74. Kf2 Kf6 75. Rxa3 Rxd7 76. Kf3 Ke5 77. Ra5+ Rd5 78.
Rxd5+ Kxd5 79. Kxf4 1/2-1/2

[Event "Berkeley International"]
[Site "Berkeley"]
[Date "2011.01.02"]
[Round "1"]
[White "Gutman, Joshua"]
[Black "Holt, Conrad"]
[Result "0-1"]
[WhiteElo "2124"]
[BlackElo "2388"]
[PlyCount "52"]
[EventDate "2011.01.02"]
[EventRounds "10"]
[EventCountry "USA"]
[SourceDate "2011.01.03"]

1. d4 d5 2. c4 c6 3. Nf3 Nf6 4. Nc3 dxc4 5. a4 Bf5 6. Ne5 Nbd7 7. Nxc4 Nb6 8.
Ne5 a5 9. f3 Nfd7 10. e4 Nxe5 11. exf5 Ned7 12. d5 g6 13. Be3 Bg7 14. Qd2 O-O
15. Rd1 Qc7 16. dxc6 bxc6 17. Be2 Ne5 18. Qc2 Nec4 19. Bf2 Nxb2 20. Rd4 Bxd4
21. Bxd4 Qd8 22. Be3 N2c4 23. Bh6 Qd4 24. Ne4 Ne3 25. Qc1 Nxf5 26. Bd2 Nd5 0-1

[Event "Berkeley International"]
[Site "Berkeley"]
[Date "2011.01.02"]
[Round "1"]
[White "Kiewra, Keaton F"]
[Black "Van Wely, Loek"]
[Result "1/2-1/2"]
[WhiteElo "2337"]
[BlackElo "2676"]
[PlyCount "75"]
[EventDate "2011.01.02"]
[EventRounds "10"]
[EventCountry "USA"]
[SourceDate "2011.01.03"]

1. e4 c5 2. Nf3 e6 3. d4 cxd4 4. Nxd4 a6 5. Bd3 Bc5 6. Nb3 Be7 7. Be3 Nc6 8.
Nc3 b5 9. O-O d6 10. f4 Bb7 11. f5 Nf6 12. fxe6 fxe6 13. Nd4 Qc8 14. Kh1 Ne5
15. a3 O-O 16. Qe1 d5 17. exd5 Nxd3 18. cxd3 Nxd5 19. Rxf8+ Bxf8 20. Bd2 Nc7
21. Bf4 Nd5 22. Nxd5 Bxd5 23. Rc1 Qe8 24. Qg3 Rc8 25. Rxc8 Qxc8 26. h3 Be7 27.
Kh2 Qf8 28. Be5 g5 29. Nf3 Qf5 30. Bc3 h5 31. Qe5 Qxe5+ 32. Nxe5 h4 33. g4 Bd6
34. d4 Kg7 35. Kg1 Kf6 36. Kf2 Bc7 37. b4 Bxe5 38. dxe5+ 1/2-1/2

[Event "Berkeley International"]
[Site "Berkeley"]
[Date "2011.01.02"]
[Round "1"]
[White "Lee, Andy C"]
[Black "Bojkov, Dejan"]
[Result "0-1"]
[WhiteElo "2271"]
[BlackElo "2544"]
[PlyCount "66"]
[EventDate "2011.01.02"]
[EventRounds "10"]
[EventCountry "USA"]
[SourceDate "2011.01.03"]

1. e4 e5 2. Nf3 Nc6 3. Bb5 a6 4. Ba4 Nf6 5. O-O Be7 6. Re1 b5 7. Bb3 d6 8. c3
O-O 9. h3 Na5 10. Bc2 c5 11. d4 Qc7 12. d5 Ne8 13. b3 g6 14. Nh2 Ng7 15. g4 Nb7
16. a4 Bd7 17. Be3 Rab8 18. axb5 axb5 19. Nd2 Nd8 20. Ra2 f6 21. Qe2 Nf7 22.
Rea1 Qc8 23. f3 f5 24. Kg2 h5 25. Bd3 hxg4 26. hxg4 Ng5 27. Ra7 Bd8 28. R7a6 f4
29. Bf2 Ne8 30. Qe1 Rf7 31. R1a2 Rh7 32. Qa1 Nh3 33. Be1 c4 0-1

[Event "Berkeley International"]
[Site "Berkeley"]
[Date "2011.01.02"]
[Round "1"]
[White "Manvelyan, Hayk"]
[Black "Ginsburg, Mark"]
[Result "1/2-1/2"]
[WhiteElo "2158"]
[BlackElo "2393"]
[PlyCount "105"]
[EventDate "2011.01.02"]
[EventRounds "10"]
[EventCountry "USA"]
[SourceDate "2011.01.03"]

1. e4 c5 2. Nc3 Nc6 3. g3 g6 4. Bg2 Bg7 5. d3 d6 6. f4 e6 7. Nf3 Nge7 8. O-O
O-O 9. Rb1 Rb8 10. Bd2 b5 11. a3 Nd4 12. Ne2 Nxf3+ 13. Bxf3 d5 14. c3 dxe4 15.
dxe4 Qd3 16. Be1 Rd8 17. Bf2 c4 18. Bxa7 Bb7 19. Qxd3 cxd3 20. Nd4 Rbc8 21.
Nxb5 e5 22. fxe5 Nc6 23. Bb6 Nxe5 24. Bxd8 Rxd8 25. Bg2 Nc4 26. Rfd1 Ne3 27.
Rd2 f5 28. Re1 Nxg2 29. Rxg2 fxe4 30. Nd4 Rxd4 31. cxd4 Bxd4+ 32. Kf1 e3 33.
Rge2 dxe2+ $2 (33... Ba6 $1 {wins}) 34. Kxe2 Ba6+ 35. Kf3 e2 36. b3 Kf7 37.
Rxe2 Bxe2+ 38. Kxe2 Ke6 39. Kf3 Kf5 40. b4 h5 41. h3 g5 42. g4+ hxg4+ 43. hxg4+
Ke5 44. a4 Bc3 45. b5 Ba5 46. Ke3 Bd8 47. Kd3 Kf4 48. Kc4 Kxg4 49. Kc5 Kf3 50.
b6 g4 51. a5 g3 52. Kc6 g2 53. b7 1/2-1/2

[Event "Berkeley International"]
[Site "Berkeley"]
[Date "2011.01.02"]
[Round "1"]
[White "Rensch, Daniel"]
[Black "Kleinman, Michael"]
[Result "1-0"]
[WhiteElo "2393"]
[BlackElo "2127"]
[PlyCount "81"]
[EventDate "2011.01.02"]
[EventRounds "10"]
[EventCountry "USA"]
[SourceDate "2011.01.03"]

1. e4 c5 2. Nf3 d6 3. d4 cxd4 4. Nxd4 Nf6 5. Nc3 g6 6. Be3 Bg7 7. f3 Nc6 8. Qd2
O-O 9. O-O-O d5 10. exd5 Nxd5 11. Nxc6 bxc6 12. Bd4 Bxd4 13. Qxd4 Qb6 14. Na4
Qc7 15. Nc5 e5 16. Qd2 Rb8 17. Bc4 Rd8 18. Bb3 Qe7 19. Qf2 Rb5 20. Ne4 Rb6 21.
Rhe1 Kg7 22. h4 f5 23. Nc5 f4 24. Bxd5 cxd5 25. Nd3 Re6 26. Rxe5 Rxe5 27. Qd4
Re8 28. Re1 Qxh4 29. Rxe5 Qf6 30. Qxa7+ Qf7 31. Qxf7+ Kxf7 32. Rxe8 Kxe8 33.
Nxf4 Bb7 34. Kd2 Ke7 35. Ke3 Kd6 36. Kd4 g5 37. Ne2 h5 38. Ng3 h4 39. Nf5+ Ke6
40. Ne3 Bc6 41. b3 1-0

[Event "Berkeley International"]
[Site "Berkeley"]
[Date "2011.01.02"]
[Round "1"]
[White "Ris, Robert"]
[Black "Kavutskiy, Konstantin"]
[Result "1-0"]
[WhiteElo "2418"]
[BlackElo "2170"]
[PlyCount "111"]
[EventDate "2011.01.02"]
[EventRounds "10"]
[EventCountry "USA"]
[SourceDate "2011.01.03"]

1. d4 Nf6 2. c4 e6 3. g3 d5 4. Nf3 dxc4 5. Bg2 Nc6 6. Qa4 Bb4+ 7. Bd2 Nd5 8.
Bxb4 Ndxb4 9. O-O Rb8 10. Nc3 a6 11. Ne5 O-O 12. Nxc6 Nxc6 13. Bxc6 bxc6 14.
Qxc4 Qd6 15. Ne4 Qd5 16. Qxd5 cxd5 17. Nc5 Rxb2 18. e3 f6 19. Nd3 Rd2 20. Rfd1
Rxd1+ 21. Rxd1 Re8 22. Rc1 Re7 23. f3 Kf8 24. Kf2 e5 25. Nc5 Re8 26. Nd3 Re7
27. Rc5 Rd7 28. Rc6 Bb7 29. Rc2 Re7 30. g4 Kf7 31. Nc5 Bc8 32. Rb2 Re8 33. Nb3
Bb7 34. Nc5 Bc8 35. Rb8 Ke7 36. h4 e4 37. fxe4 Bxg4 38. Rxe8+ Kxe8 39. Nxa6
dxe4 40. Kg3 Bc8 41. Nxc7+ Kf7 42. Nd5 Ke6 43. Nc3 Kf5 44. Nb5 Ke6 45. a4 g5
46. a5 h5 47. a6 Kd7 48. a7 Bb7 49. Nc3 Kd6 50. Na4 Kc7 51. Nc5 Bd5 52. hxg5
fxg5 53. Ne6+ Kb7 54. a8=Q+ Kxa8 55. Nc7+ Kb7 56. Nxd5 1-0

[Event "Berkeley International"]
[Site "Berkeley"]
[Date "2011.01.02"]
[Round "1"]
[White "Rumph, Todd"]
[Black "Cornejo, Max"]
[Result "1-0"]
[WhiteElo "2165"]
[BlackElo "2413"]
[PlyCount "113"]
[EventDate "2011.01.02"]
[EventRounds "10"]
[EventCountry "USA"]
[SourceDate "2011.01.03"]

1. c4 e6 2. g3 d5 3. Bg2 Nf6 4. Nf3 c5 5. O-O d4 6. e3 Nc6 7. exd4 cxd4 8. d3
Be7 9. Na3 Bxa3 10. bxa3 O-O 11. Re1 Qd6 12. Bf4 Qxa3 13. Ne5 Qc5 14. Rb1 Nxe5
15. Bxe5 Rd8 16. Bxf6 gxf6 17. Rb5 Qf8 18. Qg4+ Qg7 19. Qh4 Bd7 20. Rxb7 Be8
21. Rxe6 Qg5 22. Qxg5+ fxg5 23. Re5 h6 24. Bd5 Rab8 25. Rxa7 Bd7 26. Kg2 Kf8
27. a4 Rb3 28. Be4 Be6 29. Rb5 Rc3 30. a5 Ra3 31. Rb6 Re8 32. a6 g4 33. Rc7 f5
34. Bc6 Re7 35. Rxe7 Kxe7 36. Bb7 Kd7 37. Kf1 f4 38. gxf4 Bf5 39. Kg2 Bxd3 40.
c5 h5 41. Rh6 Bc2 42. Rxh5 d3 43. Rh7+ Ke6 44. Bc8+ Kd5 45. a7 d2 46. Rd7+ Kxc5
47. Bb7 Rxa7 48. Rxd2 Bb3 49. Be4 Ra4 50. f3 Rd4 51. Rxd4 Kxd4 52. Kg3 gxf3 53.
Bxf3 Be6 54. Kh4 Ke3 55. Bg4 Kxf4 56. Bxe6 Ke5 57. Kg5 1-0

[Event "Berkeley International"]
[Site "Berkeley"]
[Date "2011.01.02"]
[Round "1"]
[White "Sandberg, Evan"]
[Black "Naroditsky, Daniel"]
[Result "0-1"]
[WhiteElo "2173"]
[BlackElo "2419"]
[PlyCount "54"]
[EventDate "2011.01.02"]
[EventRounds "10"]
[EventCountry "USA"]
[SourceDate "2011.01.03"]

1. e4 c5 2. Nf3 d6 3. d4 cxd4 4. Nxd4 Nf6 5. Nc3 a6 6. Bg5 e6 7. f4 Be7 8. Qf3
h6 9. Qh3 O-O 10. e5 hxg5 11. exf6 Bxf6 12. O-O-O gxf4 13. g3 Qb6 14. Bd3 g6
15. Nf3 Qe3+ 16. Nd2 Bxc3 17. bxc3 f3 18. Rde1 Qg5 19. g4 Nc6 20. Qxf3 Ne5 21.
Rxe5 Qxe5 22. g5 Bd7 23. Rf1 d5 24. h4 Rac8 25. Rg1 Qxc3 26. h5 Bb5 27. Nb1
Qxd3 0-1

[Event "Berkeley International"]
[Site "Berkeley"]
[Date "2011.01.02"]
[Round "1"]
[White "Yankovsky, Roman"]
[Black "Dixon, Dakota"]
[Result "1-0"]
[WhiteElo "2359"]
[BlackElo "2063"]
[PlyCount "75"]
[EventDate "2011.01.02"]
[EventRounds "10"]
[EventCountry "USA"]
[SourceDate "2011.01.03"]

1. e4 c5 2. Nf3 Nc6 3. d4 cxd4 4. Nxd4 Nf6 5. Nc3 d6 6. g3 g6 7. Nde2 Bg7 8.
Bg2 O-O 9. O-O a6 10. a4 Qa5 11. Nd5 Nxd5 12. exd5 Ne5 13. h3 Qc7 14. Ra2 Bd7
15. b3 f5 16. a5 Be8 17. Be3 Nd7 18. Qd2 Bf7 19. c4 Rfe8 20. Nf4 Nf8 21. Rd1
Nd7 22. h4 Ne5 23. Qb4 Ng4 24. Bb6 Qd7 25. Ne6 Rac8 26. Nxg7 Kxg7 27. Re2 Nf6
28. Bd4 Kg8 29. Qd2 Qd8 30. Rde1 Kg7 31. h5 Kg8 32. Bf3 Qd7 33. hxg6 Bxg6 34.
Re6 Kf7 35. Qg5 Ne4 36. Bxe4 fxe4 37. Qf4+ Kg8 38. Qh6 1-0

[Event "Berkeley International"]
[Site "Berkeley"]
[Date "2011.01.02"]
[Round "1"]
[White "Zepeda, Lorena"]
[Black "Yang, Darwin"]
[Result "0-1"]
[WhiteElo "2202"]
[BlackElo "2421"]
[PlyCount "56"]
[EventDate "2011.01.02"]
[EventRounds "10"]
[EventCountry "USA"]
[SourceDate "2011.01.03"]

1. e4 e6 2. d3 d5 3. Nd2 c5 4. Ngf3 Nc6 5. g3 g6 6. Bg2 Bg7 7. O-O Nge7 8. c3
b6 9. Re1 a5 10. exd5 exd5 11. d4 a4 12. c4 O-O 13. cxd5 Nxd5 14. Nc4 Be6 15.
dxc5 bxc5 16. Nce5 Nxe5 17. Nxe5 Re8 18. Qc2 Bf5 19. Qxc5 Rxe5 20. Rxe5 Bxe5
21. Qxd5 Qxd5 22. Bxd5 Rd8 23. Bc4 a3 24. Kg2 Ra8 25. Bf4 Bg7 26. Bd6 axb2 27.
Re1 Rd8 28. Be7 Re8 0-1

[Event "Berkeley International"]
[Site "Berkeley"]
[Date "2011.01.02"]
[Round "1"]
[White "Zilberstein, Dmitry"]
[Black "Pamatmat, Jarod John Munda"]
[Result "1-0"]
[WhiteElo "2386"]
[BlackElo "2100"]
[PlyCount "49"]
[EventDate "2011.01.02"]
[EventRounds "10"]
[EventCountry "USA"]
[SourceDate "2011.01.03"]

1. d4 d5 2. c4 c6 3. Nf3 Nf6 4. Nc3 dxc4 5. a4 Bf5 6. e3 e6 7. Bxc4 Bb4 8. O-O
O-O 9. Nh4 Qe7 10. a5 Ne4 11. Nxf5 exf5 12. Qb3 Bd6 13. Ne2 Qc7 14. g3 Nd7 15.
f3 Nef6 16. Bd3 g6 17. e4 fxe4 18. fxe4 Nh5 19. e5 Be7 20. Bh6 Ng7 21. Rf3 Qc8
22. Raf1 Qe8 23. Bc4 Kh8 24. Bxg7+ Kxg7 25. Rxf7+ 1-0

[Event "Berkeley International"]
[Site "Berkeley"]
[Date "2011.01.02"]
[Round "2"]
[White "Bojkov, Dejan"]
[Black "Rensch, Daniel"]
[Result "1/2-1/2"]
[WhiteElo "2544"]
[BlackElo "2393"]
[PlyCount "40"]
[EventDate "2011.01.02"]
[EventRounds "10"]
[EventCountry "USA"]
[SourceDate "2011.01.03"]

1. e4 c5 2. Nf3 d6 3. Bb5+ Nd7 4. d4 Ngf6 5. Nc3 cxd4 6. Qxd4 e5 7. Qd3 h6 8.
Be3 Be7 9. a4 O-O 10. O-O Qc7 11. Bc4 Nc5 12. Bxc5 Qxc5 13. Nd5 Nxd5 14. Bxd5
Be6 15. Bxe6 fxe6 16. Qb3 Qc8 17. a5 Rb8 18. Ra4 Rd8 19. Rd1 b5 20. Raa1 Qc4
1/2-1/2

[Event "Berkeley International"]
[Site "Berkeley"]
[Date "2011.01.02"]
[Round "2"]
[White "Bykhovsky, Anatoly"]
[Black "Zilberstein, Dmitry"]
[Result "1/2-1/2"]
[WhiteElo "2510"]
[BlackElo "2386"]
[PlyCount "146"]
[EventDate "2011.01.02"]
[EventRounds "10"]
[EventCountry "USA"]
[SourceDate "2011.01.03"]

1. d4 d5 2. c4 e6 3. Nf3 Nf6 4. Nc3 Bb4 5. Bg5 h6 6. Bxf6 Qxf6 7. Qa4+ Nc6 8.
cxd5 exd5 9. e3 O-O 10. Rc1 a6 11. a3 Bxc3+ 12. Rxc3 Qg6 13. Qc2 Bf5 14. Qb3
Be6 15. Be2 Na5 16. Qc2 Qxc2 17. Rxc2 Nc4 18. Bd3 Rac8 19. Ke2 Nd6 20. Ne5 Bf5
21. Bxf5 Nxf5 22. g4 Nd6 23. h4 f6 24. Ng6 Rfe8 25. Kd3 c6 26. h5 Re6 27. Nh4
Rce8 28. Nf5 Nxf5 29. gxf5 Re4 30. b4 Rg4 31. a4 Rg2 32. Rh3 Rg1 33. b5 axb5
34. axb5 Rc8 35. Rh2 Kh7 36. f3 Rg5 37. Ra2 cxb5 38. Rab2 Ra8 39. f4 Ra3+ 40.
Kd2 Rg1 41. Re2 b4 42. Kc2 Rc3+ 43. Kd2 Rc4 44. Re1 Rg2+ 45. Re2 Rg1 46. Rb3
Ra1 47. Kd3 Ra3 48. Rxa3 bxa3 49. Ra2 Ra4 50. Kc3 Rc4+ 51. Kb3 Rc1 52. Rxa3 Rh1
53. Ra5 Rxh5 54. Rxd5 Rh3 55. Rb5 Rxe3+ 56. Kc4 Re4 57. Kc5 Rxf4 58. d5 Rxf5
59. Kb6 Rf4 60. d6 Rd4 61. Kc7 Kg6 62. d7 h5 63. d8=Q Rxd8 64. Kxd8 h4 65. Ke7
f5 66. Ke6 Kg5 67. Rxf5+ Kg4 68. Rf7 h3 69. Rxg7+ Kf3 70. Rxb7 h2 71. Rh7 Kg2
72. Kf5 h1=Q 73. Rxh1 Kxh1 1/2-1/2

[Event "Berkeley International"]
[Site "Berkeley"]
[Date "2011.01.02"]
[Round "2"]
[White "Coleman, Teddy"]
[Black "Hills, Kenneth"]
[Result "1-0"]
[WhiteElo "2282"]
[BlackElo "2161"]
[PlyCount "43"]
[EventDate "2011.01.02"]
[EventRounds "10"]
[EventCountry "USA"]
[SourceDate "2011.01.03"]

1. d4 d5 2. c4 e5 3. dxe5 d4 4. Nf3 Nc6 5. g3 Nge7 6. Bg2 Ng6 7. O-O Ngxe5 8.
Nbd2 g6 9. b3 Bg7 10. Ba3 a5 11. Ne4 Nxf3+ 12. Bxf3 Nb4 13. Nc5 c6 14. Nd3 Nxd3
15. Qxd3 Bf5 16. e4 Bh3 17. Rfd1 Qd7 18. Bc5 h5 19. e5 O-O-O 20. Bd6 f6 21.
Qxd4 fxe5 22. Qa7 1-0

[Event "Berkeley International"]
[Site "Berkeley"]
[Date "2011.01.02"]
[Round "2"]
[White "Cornejo, Max"]
[Black "Gurevich, Daniel"]
[Result "1-0"]
[WhiteElo "2413"]
[BlackElo "2078"]
[PlyCount "57"]
[EventDate "2011.01.02"]
[EventRounds "10"]
[EventCountry "USA"]
[SourceDate "2011.01.03"]

1. e4 c5 2. Nf3 g6 3. d3 Nc6 4. g3 Bg7 5. Bg2 d6 6. O-O Bg4 7. h3 Bxf3 8. Bxf3
e6 9. c3 Nge7 10. Na3 O-O 11. Be3 f5 12. Bg2 Qd7 13. f4 Rac8 14. Qe2 b6 15. Bf2
Rce8 16. Rae1 d5 17. exd5 Nxd5 18. Nc4 Re7 19. Qf3 Rd8 20. Re2 Qc7 21. Rfe1 Kf7
22. Ne3 Nxe3 23. Rxe3 Rd6 24. g4 Red7 25. Qe2 Ne7 26. Bh4 c4 27. d4 Bf6 28. Qf2
b5 29. Bxf6 1-0

[Event "Berkeley International"]
[Site "Berkeley"]
[Date "2011.01.02"]
[Round "2"]
[White "Dixon, Dakota"]
[Black "Gupta, Ankit"]
[Result "0-1"]
[WhiteElo "2063"]
[BlackElo "2258"]
[PlyCount "58"]
[EventDate "2011.01.02"]
[EventRounds "10"]
[EventCountry "USA"]
[SourceDate "2011.01.03"]

1. d4 d5 2. c4 dxc4 3. e3 Nf6 4. Bxc4 e6 5. Nf3 c5 6. O-O a6 7. Nc3 b5 8. Bd3
Bb7 9. dxc5 Bxc5 10. e4 Qb6 11. Bg5 Nbd7 12. Qe2 O-O 13. a3 Rac8 14. Rad1 h6
15. Bxf6 Nxf6 16. e5 Nd5 17. Qe4 f5 18. exf6 Nxf6 19. Qe2 Nh5 20. Be4 Nf4 21.
Qe1 Bxa3 22. Rd7 Bxe4 23. Qxe4 Bxb2 24. Rb7 Qc6 25. Qxc6 Rxc6 26. Ne4 Ne2+ 27.
Kh1 Rfc8 28. g3 Nc3 29. Nfd2 Nxe4 0-1